1061 1205 1188 1811 1589 1150 1659 1377 1320 1668 1317 1630 1157 1749 1657 1745 1524 1838 1515 1429 1054 1909 1440 1046 1348 1058 1327 1815 1159 1436 1862 1534 1131 1099 1020 1750 1108 1789 1945 1307 1549 1959 1055 1362 1337 1029 1980 1586 1936 1757 1213 1030 1165 1870 1654 1402 1544 1079 1134 1813 1240 1671 1406 1330 1941 1296 1594 1476 1145 1870 1522 1003 1633 1664 1524 1238 1319 1984 1165 1065 1401 1260 1688 1755 1081 1634 1897 1670 1720 1296 1811 1008 1443 1855 1305 1715 1281 1702 1712 BCNSPRNW ULIB Ver.6.0+V

เปลี่ยนเป็นภาษาไทย

Change to English
 แสดงรายละเอียดบรรณานุกรม
  กลับหน้าหลัก

Brief Record : Get Marc (ISO 2709) : E-mail record : QR code < ปิดหน้าต่าง
สารบัญ Review โดย ไม่พบชื่อเจ้าหน้าที่ห้องสมุด tot เมื่อ16/กุมภาพันธ์/2558
ทฤษฎีปฏิสัมพันธ์เชิงสัญลักษณ์ของครอบครัว
ทฤษฎีหน้าที่เชิงโครงสร้างของครอบครัว
ทฤษฎีพัฒนาการครอบครัว
ทฤษฎีความเครียดของครอบครัว
ทฤษฎีระบบครอบครัว
ทฤษฎีความขัดแย้งของครอบครัว
ทฤษฎีการแลกเปลี่ยนทางสังคมของครอบครัว
ทฤษฎีครอบครัวสตรีนิยม
ทฤษฎีสังคมชีววิทยาของครอบครัว

LEADER : 00000nam 2200000uu 4500
001    13399124270
003     ULIB
008    150216s2557th 000 0 tha d
020    ^a9786163741394
060  4 ^aWA308^bพ863ท
100 0  ^aพูนสุข เวชวิฐาน
245 10 ^aทฤษฎีครอบครัวเบื้องต้น =^bAn Introduction to Family Theories /^cพูนสุข เวชวิฐาน
250    ^aพิมพ์ครั้งที่ 1
260    ^aกรุงเทพฯ :^bภาพพิมพ์,^c2557.
300    ^a276 หน้า :^bภาพประกอบ ;^c21 ซม.
650  7 ^aครอบครัว
650  7 ^aสังคมศาสตร์
650  7 ^aทฤษฎีสังคม
945    ^p250^l0^i039206
945    ^p250^l0^i039207
945    ^p250^l0^i039208
945    ^p250^l0^i039209
945    ^p250^l0^i039210
945    ^p250^l0^i039304
945    ^p250^l0^i039305
945    ^p250^l0^i039306
945    ^p250^l0^i039307
945    ^p250^l0^i039308
999    ^aทศพร
รายการนี้ยังไม่มีแท็ก
คุณยังไม่ได้ล็อกอิน คุณสามารถมีกิจกรรมร่วมกับเว็บไซต์ได้ แต่ต้องล็อกอินก่อน ::
  ล็อกอิน

รายการสื่อสารสนเทศ

ลำดับที่ ประเภท เลขเรียก/บาร์โค้ด สถานที่ สถานะ
1. วิทยาศาสตร์การแพทย์ และสุขภาพ
วิทยาศาสตร์การแพทย์ และสุขภาพ
สถานะ=หนังสือเก่า
WA308 พ863ท ฉ.1 
  Barcode: 039206
ห้องสมุดวิทยาเขตสวรรค์ประชารักษ์
►ส่วนจัดเก็บหนังสือเก่า สปร
บนชั้น
  ขอยืม
2. วิทยาศาสตร์การแพทย์ และสุขภาพ
วิทยาศาสตร์การแพทย์ และสุขภาพ
สถานะ=หนังสือเก่า
WA308 พ863ท ฉ.10 
  Barcode: 039308
ห้องสมุดวิทยาเขตสวรรค์ประชารักษ์
►ส่วนจัดเก็บหนังสือเก่า สปร
บนชั้น
  ขอยืม
3. วิทยาศาสตร์การแพทย์ และสุขภาพ
วิทยาศาสตร์การแพทย์ และสุขภาพ
สถานะ=หนังสือเก่า
WA308 พ863ท ฉ.2 
  Barcode: 039207
ห้องสมุดวิทยาเขตสวรรค์ประชารักษ์
►ส่วนจัดเก็บหนังสือเก่า สปร
บนชั้น
  ขอยืม
4. วิทยาศาสตร์การแพทย์ และสุขภาพ
วิทยาศาสตร์การแพทย์ และสุขภาพ
สถานะ=หนังสือเก่า
WA308 พ863ท ฉ.3 
  Barcode: 039208
ห้องสมุดวิทยาเขตสวรรค์ประชารักษ์
►ส่วนจัดเก็บหนังสือเก่า สปร
บนชั้น
  ขอยืม
5. วิทยาศาสตร์การแพทย์ และสุขภาพ
วิทยาศาสตร์การแพทย์ และสุขภาพ
สถานะ=หนังสือเก่า
WA308 พ863ท ฉ.4 
  Barcode: 039209
ห้องสมุดวิทยาเขตสวรรค์ประชารักษ์
►ส่วนจัดเก็บหนังสือเก่า สปร
บนชั้น
  ขอยืม
6. วิทยาศาสตร์การแพทย์ และสุขภาพ
วิทยาศาสตร์การแพทย์ และสุขภาพ
สถานะ=หนังสือเก่า
WA308 พ863ท ฉ.5 
  Barcode: 039210
ห้องสมุดวิทยาเขตสวรรค์ประชารักษ์
►ส่วนจัดเก็บหนังสือเก่า สปร
บนชั้น
  ขอยืม
7. วิทยาศาสตร์การแพทย์ และสุขภาพ
วิทยาศาสตร์การแพทย์ และสุขภาพ
สถานะ=หนังสือเก่า
WA308 พ863ท ฉ.6 
  Barcode: 039304
ห้องสมุดวิทยาเขตสวรรค์ประชารักษ์
►ส่วนจัดเก็บหนังสือเก่า สปร
บนชั้น
  ขอยืม
8. วิทยาศาสตร์การแพทย์ และสุขภาพ
วิทยาศาสตร์การแพทย์ และสุขภาพ
WA308 พ863ท ฉ.7 
  Barcode: 039305
ห้องสมุดวิทยาเขตสวรรค์ประชารักษ์
►หนังสือทั่วไป
บนชั้น
9. วิทยาศาสตร์การแพทย์ และสุขภาพ
วิทยาศาสตร์การแพทย์ และสุขภาพ
สถานะ=หนังสือเก่า
WA308 พ863ท ฉ.8 
  Barcode: 039306
ห้องสมุดวิทยาเขตสวรรค์ประชารักษ์
►ส่วนจัดเก็บหนังสือเก่า สปร
บนชั้น
  ขอยืม
10. วิทยาศาสตร์การแพทย์ และสุขภาพ
วิทยาศาสตร์การแพทย์ และสุขภาพ
สถานะ=หนังสือเก่า
WA308 พ863ท ฉ.9 
  Barcode: 039307
ห้องสมุดวิทยาเขตสวรรค์ประชารักษ์
►ส่วนจัดเก็บหนังสือเก่า สปร
บนชั้น
  ขอยืม

รายการใกล้เคียง
    ผู้แต่ง [พูนสุข เวชวิฐาน]

    หัวเรื่อง [ครอบครัว]
    หัวเรื่อง [สังคมศาสตร์]
    หัวเรื่อง [ทฤษฎีสังคม]

BibComment


ยังไม่เคยถูกคอมเมนท์

คอมเมนท์ทรัพยากรรายการนี้
  คอมเมนท์: ทฤษฎีครอบครัวเบื..


 Copyright 2026. Bcnsprnw @Library